| 000 | 00806na a2200265 4500 | ||
|---|---|---|---|
| 001 | 13162 | ||
| 003 | MIRAKIL | ||
| 005 | 20181213154930.0 | ||
| 008 | 160929b tu 000 0 | ||
| 020 | _a9757380857 | ||
| 035 | _a13162 | ||
| 040 |
_aMilas _btur _cTR-AnCHP |
||
| 082 |
_a355.0956 _bŞ35c 1996 |
||
| 090 | _a355.0956 Ş35c 1996 | ||
| 100 | _aŞen, Serdar | ||
| 245 |
_aCumhuriyet kültürünün oluşum sürecinde bir ideolojik aygıt olarak Silahlı Kuvvetler ve modernizim _cSerdar Şen |
||
| 246 | _aSilahlı Kuvvetler ve modernizim | ||
| 260 |
_aİstanbul _bSarmal Yayınevi _c1996 |
||
| 300 |
_a208 s. _c21 sm. |
||
| 504 | _aKaynakça var. | ||
| 650 |
_aAskeri yönetim _zTürkiye |
||
| 650 |
_aOrdu _xTürkiye _xTarih |
||
| 650 |
_aSiyaset ve ordu _xTürkiye |
||
| 942 |
_2ddc _cBKS |
||
| 999 |
_c3401 _d3401 |
||